000 00402nam a2200181Ia 4500
003 OSt
005 20251208105812.0
008 250729s1996 xx 000 0 und d
020 _a978-1138301801
040 _cAL
041 _aeng
082 _a370.78 QUAE
245 _aQuality and equity in education
260 _c1996
300 _a117p
650 _aEducation
_9226033
942 _2ddc
_cBED
999 _c237157
_d237157